000 00439nam a22001577a 4500
999 _c99922
_d99922
005 20231120093624.0
008 171110b xxu||||| |||| 00| 0 eng d
020 _a9789698464271
040 _cPK-LaUMT
082 _aPKAC 158
_bFAI-T
100 _aFaiez H. Seyal
245 _a30 second successories :
_bdaily relections for successful people/
_cby Faiez H. Seyal
260 _aLahore:
_bAn ace book,
_c1999
300 _a[ ]
942 _cBK